| 000 | 00725nam a2200193 a 4500 | ||
|---|---|---|---|
| 001 | 000041071 | ||
| 005 | 20201002034609.0 | ||
| 008 | 130917s1993 sp 000 0 spa d | ||
| 020 | _a840007369X | ||
| 040 |
_aDO-SdBNP _bspa _cBNPHU |
||
| 100 | 1 |
_aÁlvarez Peláez, Raquel. _915152 |
|
| 245 | 1 | 0 |
_aLa conquista de la naturaleza americana / _cRaquel Álvarez Peláez,. |
| 260 |
_aMadrid : _bConsejo Superior de Investigaciones Científicas, ¿, _c1993. |
||
| 300 |
_a606 p. ; _c18 cm. |
||
| 490 | 1 |
_aCuadernos Galileo de Historia de la Ciencia _v14 |
|
| 504 | _abibliografías | ||
| 710 | 2 |
_aConsejo Superior de Investigaciones Científicas,(España) _967570 |
|
| 830 | 0 |
_aCuadernos Galileo de Historia de la Ciencia _n14 _967571 |
|
| 999 |
_c40561 _d40561 |
||